| 000 | 00417nam a2200157Ia 4500 | ||
|---|---|---|---|
| 003 | LK-CoDNM | ||
| 008 | 010623t1977 xxu||||| |||| 00| 1 eng d | ||
| 040 |
_aLK-CoDNM _dLK-CoDNM _eLK-CoDNM |
||
| 041 | _aeng | ||
| 080 |
_a069(540) _bAGR |
||
| 100 | _aAgrawal,Usha. | ||
| 245 | _aBrief Directory of Museums in India | ||
| 260 |
_bMuseums Association of India _aNew Delhi _c1977 |
||
| 300 | _b94p., 23 cm | ||
| 942 | _cBK | ||
| 999 |
_c110044 _d110044 |
||